|
|
|
|
| LEADER |
00996nam a22002532a 4500 |
| 001 |
001431009 |
| 003 |
CZ BrMZK |
| 005 |
20150123144753.0 |
| 007 |
ta |
| 008 |
141022s1956 xo a er|||||||||||slo d |
| 040 |
|
|
|a ABA001
|b cze
|c ABA001
|d ABA001
|d BOA001
|
| 041 |
1 |
|
|a slo
|h cze
|
| 100 |
1 |
|
|a Glos, Bohuslav,
|d 1905-1979
|7 jk01032475
|4 aut
|
| 245 |
1 |
0 |
|a Socialistické hospodárstvo :
|b plánovanie podnikov : učebný text pre 4. ročník hospodárskych škôl /
|c Bohuslav Glos ; preložil Ferdinand Lovásko
|
| 250 |
|
|
|a 1. vyd.
|
| 260 |
|
|
|a Bratislava :
|b Slovenské pedagogické nakladateľstvo,
|c 1956
|
| 300 |
|
|
|a 258 s. :
|b il.
|
| 500 |
|
|
|a Přeloženo z češtiny
|
| 765 |
0 |
|
|t Socialistické hospodářství
|9 Slovensky
|
| 910 |
|
|
|a BOA001
|b 2-0364.193
|
| 990 |
|
|
|a BK
|
| 991 |
|
|
|b 201410
|
| 996 |
7 |
|
|b 2619152106
|c 2-0364.193
|l MZK
|r Sklad / do 24 hodin
|n 0
|w 001465684
|u 000020
|a 1
|e BOA001
|j MZK50
|s A
|
| 996 |
7 |
|
|b 2619152107
|c 2-0364.193
|l MZK
|r Sklad / do 24 hodin
|n 0
|w 001465684
|u 000010
|a 1
|e BOA001
|j MZK50
|s A
|